000
00286nam a22001337a 4500
008
170822b xxu||||| |||| 00| 0 eng d
020
_a
0673188086
041
_a
eng
080
_2
5TH
_a
51
100
_a
37
101
_a
MAT
245
_a
BEGINNING ALGEBRA
_c
LIAL,M.L
942
_2
udc
_c
BK
999
_c
24478
_d
24478